Pictionary- Band Names - Statistics

General Stats
  • This quiz has been taken 43 times
  • The average score is 15 of 20
Answer Stats
Picture Answer % Correct
Guns N' Roses
100%
The Beatles
95%
Queen
93%
Red Hot Chili Peppers
93%
Radiohead
90%
The Police
88%
Twenty One Pilots
88%
Poison
85%
The Cars
80%
The Doors
80%
Imagine Dragons
78%
Pearl Jam
78%
Scorpions
78%
Soundgarden
73%
Korn
68%
Garbage
63%
Iron Maiden
51%
White Stripes
51%
Deep Purple
49%
Muse
34%
No matching quizzes found
Score Distribution
Percent of People with Each Score
Percentile by Number Answered
Your Score History
You have not taken this quiz